|
|
|
|
| LEADER |
00000cam a2200000 a 4500 |
| 001 |
vtls008310946 |
| 003 |
SK-MaSNL |
| 005 |
20260301220042.0 |
| 008 |
240315s1973 xo 000 0 slo |
| 015 |
|
|
|a SNBA1973
|
| 035 |
|
|
|a SK01SNK19730003163
|
| 035 |
|
|
|a SKM000005626
|
| 040 |
|
|
|a SNK
|b slo
|c SNK
|e AACR2
|
| 041 |
1 |
|
|a slo
|h cze
|
| 044 |
|
|
|a xo
|c SK
|
| 080 |
|
|
|a 69:744.44(075.3)
|2 1981
|
| 080 |
|
|
|a 744.44:69(075.3)
|2 1981
|
| 100 |
1 |
|
|a Doseděl, Antonín
|4 aut
|9 397062
|
| 240 |
1 |
0 |
|a Čítanka stavebních výkresů
|l Slovensky
|
| 245 |
1 |
0 |
|a Čítanka stavebných výkresov
|b ... určené pre predmet techn. kreslenie na UŠ a OU pre učebné odbory skupiny 06-stavebníctvo
|c autor: Antonín Doseděl a kol. ; [z čes. orig. Čítanka stavebních výkresů prel.] E. Gregorová
|
| 260 |
|
|
|a Bratislava
|b Alfa
|c 1973
|
| 300 |
|
|
|a 157, [1] s., 9 pl. príl.
|b ilustr., sch., tab.
|c 4°
|
| 366 |
|
|
|e 5800 výt.
|
| 490 |
1 |
|
|a Edícia stavebníckej literatúry
|
| 504 |
|
|
|a Pozn. Vysvetl. Zozn. obr.
|
| 650 |
0 |
7 |
|a stavebné výkresy
|2 SNKPH
|9 111852
|
| 650 |
0 |
7 |
|a stavby
|2 SNKPH
|9 2983
|
| 650 |
0 |
7 |
|a technické kreslenie
|2 SNKPH
|9 3080
|
| 655 |
|
7 |
|a učebnice stredných škôl
|2 SNKPH
|9 69323
|
| 655 |
|
7 |
|a učebné pomôcky
|2 SNKPH
|9 70567
|
| 700 |
1 |
|
|a Gregorová, Elvíra
|4 trl
|9 279091
|
| 830 |
|
0 |
|a Edícia stavebníckej literatúry
|9 268357
|
| 852 |
|
|
|a Slovenská národná knižnica v Martine
|b 10000
|h SB 19668
|
| 852 |
|
|
|a Slovenská národná knižnica v Martine
|b 10000
|h SB 19668 D1
|
| 958 |
|
|
|a OND
|
| 958 |
|
|
|a TL
|
| 958 |
|
|
|a RK
|
| 958 |
|
|
|a UC
|
| 958 |
|
|
|a OP
|
| 958 |
|
|
|a CZ
|
| 999 |
|
|
|c 930449
|d 932379
|
| 952 |
|
|
|a SNK
|b SNK
|y PREZ
|7 0
|p 17A0898329
|o snkSB 19668
|i snkKSP 5257/73
|0 0
|1 0
|4 0
|d 2012-07-24
|f 1
|l 0
|r 2025-03-21 00:00:00
|w 2026-02-24
|
| 952 |
|
|
|t P60, <04>, [BOOK], {604}
|a SNK
|b SNK
|y VYP
|7 0
|p 17A0020641
|o snkSB 19668 D1
|i snkKSP 5258/73
|0 0
|1 0
|4 0
|d 1996-11-15
|l 0
|r 2005-01-01 00:00:00
|w 2026-02-24
|